| 000 | nam a22 a 4500 | ||
|---|---|---|---|
| 999 |
_c395753 _d395753 |
||
| 003 | BLK | ||
| 005 | 20210126102705.0 | ||
| 008 | 210126b bu |||||r|||| 00| | bu d | ||
| 040 | _aBLK | ||
| 041 |
_aENG _cENG |
||
| 080 |
_aТеатър. Сценично изкуство. Вж 725.82; 782; 82-2 _b792 _x(497.2)(09) _z792(497.2)(09) |
||
| 100 |
_aGjorova, Sevelina Cokova _eпърви автор _9439426 |
||
| 139 | _aGjorova, Sevelina Cokova | ||
| 245 | 1 | 0 |
_aThe bulgarian dramatic theatre _b[Моногр.] _cSevelina Gyorova ; Transl. in Engl. [от бълг.] by Violeta Kassavetova |
| 257 | _aBGR | ||
| 260 |
_aСофия _bСептември _c1979 _9210539 |
||
| 300 |
_a120 с. _bс ил. _c29 см |
||
| 380 | _a7 | ||
| 500 | _aАвт. не е отбелязана на кор. - Ориг. загл. Българският драматичен театър. - 1 000 тир. | ||
| 504 | _aБиблиогр. с. 114. | ||
| 653 | 7 |
_aизкуство _9187376 |
|
| 653 | 7 |
_aтеатър _9198069 |
|
| 700 |
_aKasavetova, Violeta _etransl. _9322 |
||
| 852 |
_aЦб II 5738 _bЦб |
||
| 942 |
_cKNG _n0 _2udc _s1 |
||
| 944 |
_aCR _c2021-01-26 |
||